[Event "Vojvodina-chT 2nd League"]
[Site "Novi Sad"]
[Date "2018.11.11"]
[Round "3.4"]
[White "Vranic, Ljubomir"]
[Black "Matijevic, Radovan"]
[Result "0-1"]
[WhiteElo "2227"]
[BlackElo "2105"]
[PlyCount "138"]
[EventDate "2018.11.09"]
[EventType "team-tourn"]
[EventRounds "11"]
[EventCountry "SRB"]
[SourceTitle "CBM 187 Extra"]
[Source "ChessBase"]
[SourceDate "2018.11.04"]
[SourceVersion "1"]
[SourceVersionDate "2018.11.04"]
[SourceQuality "1"]
[WhiteTeam "Senta"]
[BlackTeam "Novi Sad Kraljica PTT"]
[WhiteTeamCountry "SRB"]
[BlackTeamCountry "SRB"]

1. d4 d5 2. c4 Nf6 3. Nc3 e6 4. Nf3 Be7 5. Bg5 0-0 6. e3 Nbd7 7. Rc1 c6 8. Bd3 Re8 9. 0-0 dxc4 10. Bxc4 Nd5 11. Bxe7 Nxe7 12. Qe2 Ng6 13. Rfd1 b6 14. Ne5 Bb7 15. f4 Qe7 16. Ne4 Nf6 17. Ng5 Rf8 18. Bd3 Rac8 19. Nxg6 hxg6 20. e4 Nh7 21. Nf3 c5 22. Qe3 Nf6 23. dxc5 bxc5 24. Bb1 c4 25. Ne5 Qb4 26. Qd2 Qb6+ 27. Qd4 Rfd8 28. Qxb6 Rxd1+ 29. Rxd1 axb6 30. Rd4 b5 31. Kf2 Kf8 32. g4 Bc6 33. g5 Ne8 34. Ke3 Ke7 35. h4 Nd6 36. Bc2 Be8 37. Bd1 f6 38. Nf3 b4 39. Bc2 Ra8 40. Bb1 Rc8 41. Bc2 Nb5 42. Rd1 c3 43. b3 Na3 44. Rc1 Rd8 45. Bd3 Bb5 46. Ne1 Rh8 47. Bxb5 Nxb5 48. Nd3 Rxh4 49. gxf6+ gxf6 50. Nxb4 Rh3+ 51. Kf2 Nd4 52. Kg2 Re3 53. f5 gxf5 54. exf5 c2 55. fxe6 Kxe6 56. Kf1 Rh3 57. Kg2 Rc3 58. Kf2 Kd6 59. Ke1 Kc5 60. a3 Rh3 61. Kf2 Rxb3 62. Ke1 Rxa3 63. Nxc2 Rc3 64. Kd2 Rxc2+ 65. Rxc2+ Nxc2 66. Kxc2 Kd4 67. Kd2 Ke4 68. Ke2 Kf4 69. Kf2 f5 0-1

[Event "Vojvodina-chT"]
[Site "Novi Sad"]
[Date "2017.11.20"]
[Round "11.6"]
[White "Dedijer, Zarko"]
[Black "Matijevic, Radovan"]
[Result "1/2-1/2"]
[WhiteElo "1954"]
[BlackElo "2109"]
[PlyCount "31"]
[EventDate "2017.11.13"]
[EventType "team-tourn"]
[EventRounds "11"]
[EventCountry "SRB"]
[SourceTitle "CBM 181 Extra"]
[Source "ChessBase"]
[SourceDate "2017.12.12"]
[SourceVersion "1"]
[SourceVersionDate "2017.12.12"]
[SourceQuality "1"]
[WhiteTeam "Gajdobra Hercegovac"]
[BlackTeam "Petrovaradin Kraljica"]
[WhiteTeamCountry "SRB"]
[BlackTeamCountry "SRB"]

1. d4 Nf6 2. Nf3 c6 3. c3 d5 4. Bf4 Bg4 5. Nbd2 e6 6. e3 Bd6 7. Bg3 Bxg3 8. hxg3 Nbd7 9. Qb3 Bxf3 10. Nxf3 Qb6 11. Qxb6 axb6 12. Bd3 Ke7 13. Ke2 b5 14. Ne5 Nxe5 15. dxe5 Nd7 16. f4 1/2-1/2

[Event "Vojvodina-chT"]
[Site "Novi Sad"]
[Date "2017.11.18"]
[Round "7.6"]
[White "Matijevic, Radovan"]
[Black "Jesenski, Tibor"]
[Result "0-1"]
[WhiteElo "2109"]
[BlackElo "2289"]
[PlyCount "56"]
[EventDate "2017.11.13"]
[EventType "team-tourn"]
[EventRounds "11"]
[EventCountry "SRB"]
[SourceTitle "CBM 181 Extra"]
[Source "ChessBase"]
[SourceDate "2017.12.12"]
[SourceVersion "1"]
[SourceVersionDate "2017.12.12"]
[SourceQuality "1"]
[WhiteTeam "Petrovaradin Kraljica"]
[BlackTeam "Pacir Backa"]
[WhiteTeamCountry "SRB"]
[BlackTeamCountry "SRB"]

1. c3 e5 2. d4 Nc6 3. dxe5 Nxe5 4. Bf4 Ng6 5. Bg3 Nf6 6. e3 Bc5 7. Bd3 d5 8. Ne2 0-0 9. 0-0 Nh5 10. Nd2 Bg4 11. Qc2 Re8 12. Nd4 Nxg3 13. hxg3 Qg5 14. N2f3 Qh5 15. Nh2 Ne5 16. Rfe1 Nxd3 17. Qxd3 Bd7 18. Rad1 Bb6 19. Ne2 c6 20. Nf4 Qf5 21. e4 Qf6 22. Qf3 dxe4 23. Rxe4 Rxe4 24. Qxe4 Bf5 25. Qf3 Re8 26. Ng4 Qg5 27. Ne3 Bxe3 28. fxe3 Bg4 0-1

[Event "Vojvodina-chT2"]
[Site "Vrbas"]
[Date "2011.09.28"]
[Round "6"]
[White "Matijevic, Radovan"]
[Black "Gavric, Zivojin"]
[Result "0-1"]
[WhiteElo "2170"]
[BlackElo "2099"]
[PlyCount "100"]
[EventDate "2011.09.25"]
[EventType "team-tourn"]
[EventRounds "11"]
[EventCountry "SRB"]
[SourceTitle "CBM 144 Extra"]
[Source "ChessBase"]
[SourceDate "2011.10.28"]
[SourceVersion "1"]
[SourceVersionDate "2011.10.28"]
[SourceQuality "1"]

1. c3 d5 2. d4 c6 3. Bg5 Bf5 4. e3 Nd7 5. Bd3 Bxd3 6. Qxd3 Ngf6 7. Bxf6 Nxf6 8. Nd2 e6 9. Ne2 Bd6 10. f4 g6 11. 0-0 0-0 12. Nf3 c5 13. Ne5 Ne4 14. Ng3 Nxg3 15. hxg3 f5 16. g4 Bxe5 17. fxe5 fxg4 18. Rxf8+ Qxf8 19. Rf1 Qh6 20. e4 dxe4 21. Qxe4 g3 22. Rf6 Rf8 23. Rxf8+ Qxf8 24. Qe3 cxd4 25. Qxg3 Qc5 26. Kh2 dxc3 27. bxc3 Kg7 28. Qf4 Qf8 29. Qc4 Qf7 30. Kg1 h5 31. Qc5 b6 32. Qd6 Kh6 33. Qd8 g5 34. Qd6 h4 35. Qd8 Kg6 36. Qh8 Kf5 37. a4 Kg6 38. Qd8 Qg7 39. Qd3+ Kh5 40. Qd6 Qf7 41. Qd8 Qf5 42. Qh8+ Kg4 43. Qf6 Kf4 44. Kh2 Ke4 45. Kg1 Qg4 46. Kf2 Kd3 47. Qg7 Qg3+ 48. Kf1 Kxc3 49. Qxa7 Kd2 50. Qd7+ Qd3+ 0-1

[Event "Vojvodina-chT 2nd League"]
[Site "Sombor"]
[Date "2010.10.13"]
[Round "5"]
[White "Matijevic, Radovan"]
[Black "Milovic, Nikola"]
[Result "1-0"]
[WhiteElo "2146"]
[BlackElo "1945"]
[PlyCount "151"]
[EventDate "2010.10.10"]
[EventType "team-tourn"]
[EventRounds "9"]
[EventCountry "YUG"]
[SourceTitle "CBM 138 Extra"]
[Source "ChessBase"]
[SourceDate "2010.10.29"]
[SourceVersion "1"]
[SourceVersionDate "2010.10.29"]
[SourceQuality "1"]

1. c3 e5 2. d4 exd4 3. cxd4 d5 4. Nc3 Nf6 5. Bg5 c6 6. e3 Bd6 7. Bd3 h6 8. Bh4 0-0 9. Nge2 Nbd7 10. Bg3 Bxg3 11. Nxg3 Re8 12. 0-0 Nf8 13. Rc1 Bg4 14. Qc2 Nh5 15. b4 Nxg3 16. hxg3 Rc8 17. Bf5 Bxf5 18. Qxf5 Qd7 19. Qd3 b5 20. Rc2 Qd6 21. Rfc1 a6 22. a4 Qd7 23. Nb1 Ng6 24. Nd2 Ne7 25. Nb3 Rc7 26. axb5 axb5 27. Nc5 Qc8 28. Nb3 Qe6 29. Na5 Rec8 30. Rc5 Qd6 31. R1c3 Qd7 32. Qc2 Qd6 33. Qa2 Qg6 34. Qc2 Qd6 35. Qe2 Qg6 36. Rc1 Qe6 37. g4 Qf6 38. Qf3 Qg6 39. Qf4 Rd7 40. R5c3 Qd6 41. Qxd6 Rxd6 42. f3 Kf8 43. Kf2 Ke8 44. Ke2 Kd7 45. Nb7 Rg6 46. Nc5+ Kd6 47. Nd3 f6 48. Kf2 Ra8 49. R1c2 Ra6 50. Nc5 Ra7 51. g3 Rg5 52. e4 h5 53. exd5 Rxd5 54. Re3 Rxd4 55. Ne4+ Kd7 56. Nc5+ Kc8 57. Rce2 Ng6 58. Re8+ Rd8 59. gxh5 Ne5 60. Re6 Kc7 61. R6xe5 fxe5 62. Ne6+ Kc8 63. Nxd8 Kxd8 64. Rxe5 Rf7 65. Re6 Kd7 66. Rg6 Re7 67. g4 Kc7 68. g5 Kb6 69. Kg3 Rd7 70. h6 gxh6 71. gxh6 Rf7 72. Kg4 Rd7 73. f4 Rd1 74. Rg5 Rg1+ 75. Kf5 Rh1 76. Kg6 1-0